Truyền thuyết tinh tuyển; T2: Truyện yêu ma chọn lọc
में बचाया:
| मुख्य लेखक: | |
|---|---|
| स्वरूप: | पुस्तक |
| भाषा: | Undetermined |
| प्रकाशित: |
Hà Nội
VHTT
1999
|
| विषय: | |
| टैग : |
टैग जोड़ें
कोई टैग नहीं, इस रिकॉर्ड को टैग करने वाले पहले व्यक्ति बनें!
|
| Thư viện lưu trữ: | Trung tâm Học liệu Trường Đại học Cần Thơ |
|---|
| LEADER | 00570nam a2200181Ia 4500 | ||
|---|---|---|---|
| 001 | CTU_36283 | ||
| 008 | 210402s9999 xx 000 0 und d | ||
| 082 | |a 895.13 | ||
| 082 | |b Nh100/T2 | ||
| 100 | |a Nhã Tình | ||
| 245 | 0 | |a Truyền thuyết tinh tuyển; T2: | |
| 245 | 0 | |b Truyện yêu ma chọn lọc | |
| 245 | 0 | |c Nhã Tình, Chí Viễn, Kiến Phong | |
| 260 | |a Hà Nội | ||
| 260 | |b VHTT | ||
| 260 | |c 1999 | ||
| 650 | |a chinese fiction ( vietnamese ),ghost stories, chinese | ||
| 980 | |a Trung tâm Học liệu Trường Đại học Cần Thơ | ||